000 00322 a2200145 4500
000 nam a22 7a 4500
001 1967
005 20260416091829.0
100 _aG, V., Sadanozi
110 _aG, V., Sadanozi
245 _aIndian Geography
260 _bProgress Pub
_c1975
264 _bProgress Pub
_c1975
942 _cBK
999 _c1967
_d1967